| 000 | 02165cam a22002294a 4500 | ||
|---|---|---|---|
| 005 | 20250605164207.0 | ||
| 008 | 250528s ||||||||||||||||||||||||d | ||
| 035 | _a20105 | ||
| 020 | _a804700990 | ||
| 040 |
_aGR-AtMCL _bgre _dGR-AtMCL _eAACR2 |
||
| 245 | 1 | _aStudies in Applied Propability and Management Science | |
| 260 |
_bStanford University Press, _c1962 |
||
| 300 | _a290 | ||
| 505 | 0 | _aOptimal Capital Adjustment, Repairman Problems, Applications of Semi-Markov Processes to Counter Problems, Planned Replacement, Approximate Solutions to a Simple Multi-Echelon Inventory Problem, The Time Dependent Solution for a Dam with Ordered Poison Inputs, Limiting Distributions for Some Storage Problems, Optimal Policy for Dynamic Inventory Process with Non-Stationary Stochastic Demands, Stochastic Models and Optimal Policy for Selling an Asset, Prices and Optimal Inventory Policy, Markov Renewal Processes of Zero Order and Their Application to Counter Theory, Optimal Replacement and Inspection of Stochastically Failing Equipment, Approximations to Optimal Policies in a Dynamic Inventory Model, Steady-State Properties of Selected Inventory Models, Inventory Depletion Policies. | |
| 520 | _aOptimal Capital Adjustment, Repairman Problems, Applications of Semi-Markov Processes to Counter Problems, Planned Replacement, Approximate Solutions to a Simple Multi-Echelon Inventory Problem, The Time Dependent Solution for a Dam with Ordered Poison Inputs, Limiting Distributions for Some Storage Problems, Optimal Policy for Dynamic Inventory Process with Non-Stationary Stochastic Demands, Stochastic Models and Optimal Policy for Selling an Asset, Prices and Optimal Inventory Policy, Markov Renewal Processes of Zero Order and Their Application to Counter Theory, Optimal Replacement and Inspection of Stochastically Failing Equipment, Approximations to Optimal Policies in a Dynamic Inventory Model, Steady-State Properties of Selected Inventory Models, Inventory Depletion Policies. | ||
| 700 | 1 |
_aArrow Kenneth J. _96154 |
|
| 700 | 1 |
_aKarlin Samuel _94802 |
|
| 700 | 1 |
_aScarf Herbert _96155 |
|
| 942 | _cBK | ||
| 999 |
_c5244 _d5244 |
||